| 000 | 02166 a2200325 4500 | ||
|---|---|---|---|
| 005 | 20140519133349.0 | ||
| 008 | 140514s2002 xx g q mlmul d | ||
| 040 |
_aCO-BoUCM _bspa _cOscar Anaya _dAldemar Mondragón |
||
| 041 | _aeng | ||
| 041 | _aspa | ||
| 092 | _aDVD 1424 | ||
| 245 | 0 | 0 |
_aThe Core _cJon Amiel, director _h[DVD] |
| 246 | 1 | 3 | _aEl Núcleo |
| 260 |
_a[Lugar desconocido] _bParamount Pictures _c2002 |
||
| 300 |
_a1 DVD, 135 minutos _bimagen, sonido, color |
||
| 500 | _aSINOPSIS: Un geólogo, el doctor Josh Keyes, ha hecho un descubrimiento terrorifico: el núcleo interno de la tierra ha dejado de girar. El campo magnéticodel planeta se está deteriorando, y en unos meses, la tierra será destruida. La única esperanza: el doctor Keyes y un equipo de científicos de élite serán enviados al centro de la tierra en una nave subterránea. Mientras el destino de la humanidad pende de un hilo, los científicos y la tripulación de la nave deben conseguir algo inimaginable: estallar una carga nuclear para reactivar el núcleo | ||
| 508 | _aCRÉDITOS: Dirigida por Jon Amiel ; escrita por Cooper Layne y John Rogers ; producida por Sean Bailey ; música por Christopher Young ; fotografía por John Lindley ; diseño de producción por Philip Harrison ; dirección de arte por Andrew Neskoromny ; ambientación por Lin MacDonald ; vestuario por Daniel J. Lester | ||
| 511 | 0 | _aREPARTO: Aaron Eckhart, Christopher Shyer, Ray Galletti, Hilary Swank, Delroy Lindo, Eileen Pedde, Rekha Sharma, Stanley Tucci, DJ Qualls, Tom Scholte | |
| 546 | _aAudio en inglés y español. Subtítulos inglés y español | ||
| 650 | 7 |
_951325 _aPelículas de ciencia ficción _vDVD |
|
| 650 | 7 |
_916364 _aGeología _vDVD |
|
| 650 | 7 |
_97626 _aFin del mundo _vDVD |
|
| 690 |
_942805 _aEntretenimiento |
||
| 700 | 1 |
_aAmiel, Jon _edirector _961067 |
|
| 710 | 2 |
_aParamount Pictures _948549 |
|
| 710 | 2 |
_aDavid Foster _961068 |
|
| 710 | 2 |
_aCore Productions _961069 |
|
| 856 | 4 | 0 |
_uhttps://www.youtube.com/watch?v=LVkocdkcmAc _zSiga este enlace para ver el trailer _zTrailer tomado del canal Paramount Movies vía YouTube.com |
| 942 |
_2LOCAL _a11 _cMULTIMEDIA _e1 |
||
| 999 |
_c242263 _d242263 |
||